000 00619cam a22002293a 4500
001 14251
003 PGUSA
005 20140828083315.0
008 041203s2004||||xxu|||||s|||||000 1 eng d
040 _aPGUSA
_beng
042 _adc
050 4 _aPQ
100 1 _aOhnet, Georges,
_d1848-1918
245 1 0 _aL'Ame de Pierre
_h[electronic resource] /
_cGeorges Ohnet
260 _bProject Gutenberg,
_c2004
506 _aPublic domain in the USA.
516 _aElectronic text
653 _aParanormal fiction
830 0 _aProject Gutenberg
_v14251
856 4 0 _uhttp://www.gutenberg.org/ebooks/14251
942 _cEB
999 _c243506
_d243506